Albalá del azul marchito

Saved in:
Bibliographic Details
Main Author: González-Urízar, Fernando (Author)
Format: Book
Language:Spanish
Published: Santiago Ateneo de Santiago 1987
Series:Colección Agua Pesada
Subjects:
Tags: Add Tag
No Tags, Be the first to tag this record!

MARC

LEADER 00000nam a2200000 a 4500
001 UCM6352
003 CL-VaPUC
008 021108e19870700CL |||||||||||||||||spa|d
082 0 4 |a Ch861  |b GON  |2 21 
100 |a González-Urízar, Fernando  |e author  |9 475223 
245 1 0 |a Albalá del azul marchito 
300 |a 171 p 
942 |c BK 
945 |d 20021108 00:00:00  |a vberengu 
260 |a Santiago  |b Ateneo de Santiago  |c 1987 
500 |a Albalá del azul marchito 
500 |a Nos ceban de refranes ejemplares 
500 |a Venus Anadiomene 
500 |a Rindo mi albedrío por un abanico 
500 |a Memoria infiel 
500 |a Bien haya quien a los suyos se parece 
500 |a Agua pasada no muele molino 
500 |a Ando en caballerías 
500 |a Galope fantasma 
500 |a Caldo de uvas, amiga, que me fino 
500 |a Lo bello y lo triste 
500 |a Me voy, de cuando en cuando 
500 |a Algo tendrá el agua cuando la bendicen 
500 |a Ando a coz y bocado 
500 |a Aún hay sol en las bardas 
500 |a Está por ver si mandas 
500 |a Sol que mucho madruga, poco dura 
500 |a Algún día mi peral tendrá peras 
500 |a ­Qué tiempo tan feliz! 
500 |a Pierdo la chaveta por una manzana 
500 |a Purificar el verbo 
500 |a Amanecerá Dios, y medraremos 
500 |a Partir el sol 
500 |a A nadie le amarga un dulce 
500 |a Parusia 
500 |a De espaldas vueltas y memorias muertas 
500 |a No escarmiento 
500 |a Gaitero de Brujulance 
500 |a Casas, cuantas mores 
500 |a Al loco y al aire, darles calles 
500 |a En Isluga no vive nadie 
500 |a Haceos miel, y os comerán las moscas 
500 |a Nombre original 
500 |a Mujer, viento, ventura 
500 |a Vía láctea 
500 |a Palabras y plumas las lleva el viento 
500 |a Crepúsculos y auroras 
500 |a Encomiendo mis ovejas al lobo 
500 |a La maravilla de estar juntos 
500 |a Para poca salud, mejor morirse 
500 |a Guía de peregrinos 
500 |a Calenturas otoñales 
500 |a Infantas de mi delirio 
500 |a Al buen entendedor, pocas palabras 
500 |a Caballero en las nubes 
500 |a No se dan palos de balde 
500 |a Agibílibus 
500 |a A otro perro con ese hueso 
500 |a Agracera 
500 |a Más vale saber que haber 
500 |a Adehala epilogal 
650 0 |a Poesías chilenas   |9 265280 
650 0 |a Literatura chilena   |9 308278 
583 |a last modification  |c 20150924 21:40:24  |k Rodrigo Vera 
490 0 |a Colección Agua Pesada 
999 |c 301763  |d 301761 
952 |0 0  |1 0  |4 0  |6 CH_861_000000000000000_GON_1987  |7 0  |8 A  |9 361356  |a BIBEDU  |b BIBEDU  |d 2019-11-21  |i 3857638  |o Ch861 GON 1987  |p 3857638  |r 2019-11-21  |w 2019-11-21  |y BK  |k LIT 
952 |0 0  |1 0  |4 0  |6 CH_861_000000000000000_GON_1987  |7 0  |8 A  |9 361357  |a BIBEDU  |b BIBEDU  |d 2019-11-21  |i 3857646  |o Ch861 GON 1987  |p 3857646  |r 2019-11-21  |w 2019-11-21  |y BK  |k LIT